000 00623nam a22002057a 4500
999 _c15038
_d15038
003 AR-CdUCM
008 190425b ||||| |||| 00| 0 spa d
020 _a978-84-683-1153-1
040 _aMUNICIPALIDAD PROVINCIAL DEL CUSCO
_cBIBLIOTECA MUNICIPAL DEL CUSCO
082 _aPI / 376.1 /
_bC95
100 _aCurto, Rosa M.
_924788
245 _a!Es facil! animales de la granja /
260 _aBarcelona :
_bEdebé,
_c2014.
300 _a35 páginas ;
_c24 cm.
_bIlustración
650 _aManualidades
_915530
650 _aTécnicas
_9975
650 _aInfancia
_95236
942 _2ddc
_cLIBROS
945 _arah
_d25/04/2019